000 00750nas a2200253 4500
001 BR2015006659
003 BR-BrBNA
005 20231205125928.0
007 ta
008 230509b bl.|||p| |||| 00| 00por d
040 _aBR-BrBNA
_bpor
_cBiblioteca Nacional de Agricultura
041 _a(Pt)
072 _aF50
100 1 _aMaranho, L.T.
100 1 _aPreussler, K.H.
100 1 _aRocha,L.D.
245 1 _aOrganização estrutural da casca de Persea major Kopp (Lauraceae)
650 _aANATOMIA VEGETAL
650 _aLAURACEAE
650 _aCASCA
773 0 _tActa Botanica Brasilica (Brazil)
_xISSN 0102-3306
_g(Apr- Jun 2009), v. 23(2) p. 509-515
_wBR2015006659
909 _a202311
_bLúcia
_c55
_dLúcia Elande
942 _2AGRIS
_n0
_cANA
999 _c246945
_d246945